| 000 | 00626nam a2200217Ia 4500 | ||
|---|---|---|---|
| 005 | 20250508160926.0 | ||
| 008 | 008 250505s9999 xx 000 0 eng d | ||
| 020 | _a0-03-008171-8 | ||
| 037 | _aTextual | ||
| 040 |
_aFEDL _beng _cFEDL |
||
| 041 |
_aeng _2eng |
||
| 084 |
_a371.3, GAG _qFEDL |
||
| 100 | _aGagne Robert M. | ||
| 245 | 0 | _aPrinciples of instructional design | |
| 260 |
_aNew York, USA _bHolt, Rinehart and Winston _c1974 |
||
| 300 | _aix,270p. | ||
| 650 |
_aPsychology -Learning _9764788 |
||
| 700 |
_a Briggs Leslie J. _9769759 |
||
| 942 |
_cTEXL _h371.3, GAG |
||
| 999 |
_c1367432 _d1367432 |
||